000
00273 a2200097 4500
020
_a
9788126410088
100
_a
O. V. Vijayan
245
_a
O. V. Vijayante lekhanangal(ഒ. വി. വിജയൻെറ ലേഖനങ്ങൾ)
260
_b
D C books
_c
2025
942
_c
OO
999
_c
115329
_d
115328